| 000 | 00806nam a2200265 i 4500 | ||
|---|---|---|---|
| 001 | bg | ||
| 100 | 1 | _aWinnicki, Kazimierz. | |
| 245 | 1 | 0 | _aWykłady z matematyki dla studentów studiów inżynieryjno-ekonomicznych / Kazimierz Winnicki, Marek Landowski ; Akademia Morska w Szczecinie. |
| 250 | _aWyd. 1 uzup. | ||
| 260 |
_aSzczecin : _bAkademia Morska, _c2008. |
||
| 300 |
_a203, [1] s. : _bil. ; _c24 cm. |
||
| 504 | _aBibliogr. s. 202-203. | ||
| 650 | 9 | _aMatematyka | |
| 655 | _aPodręczniki akademickie | ||
| 700 | 1 |
_aLandowski, Marek _c(nauki matematyczne). |
|
| 015 | _aPB 1186/2009 | ||
| 020 | _a9788389901149 | ||
| 040 | _cBPK | ||
| 041 | _apol | ||
| 044 | _aPOL | ||
| 080 | _a51(075.8) | ||
| 920 | _a978-83-89901-14-9 | ||
| 942 | _cKS | ||
| 008 | 090513s2008 pl a |000 0 pol | ||
| 999 |
_c56356 _d56356 |
||
| 856 |
_uhttp://koha.tu.koszalin.pl/cgi-bin/koha/opac-detail.pl?biblionumber=56356 _yKatalog online BPK |
||